00760nam a2200253 a 4500001001300000003000900013005001700022008004100039020002300080082001700103100002900120245004400149260004400193300000900237500003500246505001900281650002200300650001600322700002900338902000800367942000700375952010900382999001500491nice12345678IN_TiNIC20260116011636.0050524s1974 cala grp 000 0 eng  a0878082 c10000a297.93bMIL1 aMiller, William Mc Elwee aBahai Faithb Its History and Teachings aCaliforniabWilliam Carey Libraryc1974 a443p aincludes index and biblioraphy2 aGlossary,index aAl-Kitab Al-Aqdas aBahai Faith1 aMiller, William Mc Elwee bSRS cBK 00104070aHMIbHMId2007-07-02g100.00l1o297.93 MIL1p07461r2020-02-20s2020-02-20w2026-01-16yEB c3075d3075